000 00918nam a2200265Ia 4500
003 OSt
005 20220923230618.0
006 a|||||r|||| 00| 0
007 ta
008 220922b |||||||| |||| 00| 0 san d
020 _c800
024 _a284,203
037 _b830, 04/03/2015, Anshika Book International
_cTextual
040 _aARTS
_cARTS
_bsan
041 _2san
_asan
082 _aO15:gxH35,1, 152Q3
100 _aविश्वनाथ
_9156277
245 0 _aसाहित्यदर्पण
246 _aSāhityadarpaṇa:
260 _aवाराणसी
_b चौखम्बा सुरभारती प्रकाशन
_c2013
300 _a506पृ0
_ccm.
650 _aसंस्कृत साहित्य
942 _hO15:gxH35,1, 152Q3
_cTEXL
_2CC
999 _c386036
_d386036